Statistiques concernant Pokémon - Attaques apparues en génération VI

Cliquez ici pour prendre le quiz!

Statistiques générales

  • Ce quiz a été pris 218 fois
    (212 depuis la dernière actualisation)
  • Le résultat moyen est 36 sur 60

Statistiques - réponses

Type de quizAttaque% Correct
VolMort-Ailes
97%
FéeEclat Magique
93%
FéeGéo-Contrôle
93%
FéePouvoir Lunaire
93%
EauSheauriken
93%
FeuFeu Ensorcelé
90%
FéeCâlinerie
87%
SpectreHalloween
87%
RocheOrage Adamantin
87%
ElectrikParabocharge
83%
FéeVent Féérique
83%
EauJet de Vapeur
80%
PlantePico-Défense
80%
CombatFlying Press
77%
TénèbresFurie Dimension
77%
SolLame Pangéenne
77%
EauOnde Originelle
77%
AcierBouclier Royal
73%
ElectrikFrotte-Frimousse
73%
VolDraco Ascension
70%
SolForce Chtonienne
70%
SpectreHantise
70%
FéeVampibaiser
70%
GlaceLyophilisation
67%
PlanteMaléfice Sylvain
67%
FéeChamp Brumeux
63%
PlanteChamp Herbu
63%
PsyTrouDimensionnel
63%
ElectrikChamp Electrifié
60%
FéeVoix Enjôleuse
60%
InsecteHarcèlement
57%
FéeVerrou Enchanté
57%
FéeBrume Capiteuse
53%
PoisonEructation
53%
SolFertilisation
53%
InsecteNuée de Poudre
53%
ElectrikOndes Etranges
53%
NormalBang Sonique
50%
NormalCamaraderie
50%
TénèbresRenversement
50%
FéeRegard Touchant
47%
FéeVigilance
47%
NormalConfidence
43%
ElectrikDélugePlasmique
43%
ElectrikMagné-Contrôle
43%
CombatPoing Boost
43%
NormalRâle Mâle
43%
CombatTatamigaeshi
43%
InsecteToile Gluante
43%
NormalCélébration
40%
InsecteDard Mortel
40%
ElectrikElectrisation
40%
FéeGarde Florale
40%
FéeLumière du Néant
37%
TénèbresDernier Mot
33%
PoisonPiège de Venin
33%
PlanteTempête Florale
33%
NormalMains Jointes
30%
NormalRetenue
23%
NormalEtrennes
20%

Distribution des résultats

Percentile par nombre de réponses

% des personnes avec chaque résultat

Votre développement - résultats

Vous n’avez pas pris ce quiz depuis la dernière actualisation